000
00274nam a2200109Ia 4500
008
190912s9999||||xx |||||||||||||| ||und||
100
_a
Thomas Wheelen
245
0
_a
Strategic Management And Business Policy
260
_a
USA
_b
Education
_c
1998
300
_a
350
942
_c
BK
999
_c
7595
_d
7595